Destins croises cinq siecles de rencontres avecles ameriendiens

Saved in:
Bibliographic Details
Other Authors: León-Portilla, Miguel 1926-, Gutiérrez Estevez, Manuel
Format: Unknown
Language:French
Published: Francia Editions Albin Michel c1992
Series:Bibliotheque Albin Michel. Histoire
Subjects:
Tags: Add Tag
No Tags, Be the first to tag this record!

MARC

LEADER 000000000a22000000004500
001 000002
008 131030b1192 FR abaa 00| 0 frfre
020 |a 9232027836 
041 0 |a francés 
082 |a 970.004.97 D476d 
245 1 0 |a Destins croises   |b cinq siecles de rencontres avecles ameriendiens 
260 |a Francia   |b Editions Albin Michel  |c c1992 
300 |a 611 páginas   |b ilustraciones, mapa 
490 0 |a Bibliotheque Albin Michel. Histoire 
505 |t Les indiens du Mexique  
505 |t Les indiens d´Amérique du Nord 
650 4 |a INDIOS SURAMERICANOS 
650 4 |a ESQUIMOS 
650 4 |a PRIMER CONTACTO CON EUROPEOS 
650 4 |a HISTORIA 
650 4 |a INDIOS MEXICANOS 
700 1 2 |a León-Portilla, Miguel  |d 1926- 
700 1 2 |a Gutiérrez Estevez, Manuel 
942 |2 ddc  |c BK 
999 |c 954  |d 954